Gustav Holst's Planets Click Quiz - Statistics

General Stats
  • This quiz has been taken 37 times
  • The average score is 6 of 7
Answer Stats
Hint Answer % Correct
The Bringer of Jollility Jupiter
95%
The Bringer of War Mars
95%
The Winged Messenger Mercury
91%
The Bringer of Old Age Saturn
86%
The Mystic Neptune
77%
The Bringer of Peace Venus
77%
The Magician Uranus
64%
No matching quizzes found
Score Distribution
Percent of People with Each Score
Percentile by Number Answered
Your Score History
You have not taken this quiz